[Event "4NCL Div 1 2018-19"]
[Site "Daventry"]
[Date "2018.11.10"]
[Round "1"]
[White "Seger, Ruediger"]
[Black "Head, Louise"]
[Result "1/2-1/2"]
[WhiteElo "2349"]
[BlackElo "2237"]
[Annotator "NA RC"]
[PlyCount "61"]
[EventDate "2018.11.10"]
[EventType "team-tourn"]
[EventCountry "GBR"]
[SourceTitle "playchess.com"]
[Source "ChessBase"]
[SourceQuality "1"]
[TimeControl "40/6000+30:3000+30"]

1. e4 {[%emt 0:00:00]} c6 {[%emt 0:00:00]} 2. d4 {[%emt 0:00:00]} d5 {[%emt 0:00:00]} 3. Nd2 {[%emt 0:00:00]} dxe4 {[%emt 0:00:00]} 4. Nxe4 {[%emt 0:00:00]} Nd7 {[%emt 0:00:24]} 5. Ng5 {[%emt 0:01:28]} Ngf6 {[%emt 0:00:30]} 6. Bd3 {[%emt 0:00:30]} g6 {[%emt 0:02:20]} 7. N1f3 {[%emt 0:03:04]} Bg7 {[%emt 0:01:49]} 8. Qe2 {[%emt 0:10:16]} O-O {[%emt 0:01:43]} 9. Ne5 {[%emt 0:08:03]} Nxe5 {[%emt 0:10:12]} 10. dxe5 {[%emt 0:00:06]} Nd5 {[%emt 0:03:19]} 11. O-O {[%emt 0:13:23]} h6 {[%emt 0:24:00]} 12. Nf3 {[%emt 0:00:53]} Bg4 {[%emt 0:07:35]} 13. h3 {[%emt 0:08:31]} Bxf3 {[%emt 0:00:10]} 14. Qxf3 {[%emt 0:00:04]} Bxe5 {[%emt 0:05:37]} 15. Bxh6 {[%emt 0:00:08]} Bg7 {[%emt 0:00:55]} 16. Bxg7 {[%emt 0:02:07]} Kxg7 {[%emt 0:00:07]} 17. Rfe1 {[%emt 0:03:40]} e6 {[%emt 0:01:58]} 18. c4 $11 {[%emt 0:03:46]} Nf6 {[%emt 0:06:23]} 19. Bf1 {[%emt 0:07:05]} Qc7 {[%emt 0:07:38]} 20. Qc3 {[%emt 0:01:13]} Rad8 {[%emt 0:09:26]} 21. Re4 {[%emt 0:04:57]} Qe7 {[%emt 0:05:33]} 22. Rae1 {[%emt 0:08:20]} Kg8 {[%emt 0:02:17]} 23. Rh4 {[%emt 0:07:21]} Nh5 {[%emt 0:03:25]} 24. g3 {[%emt 0:08:31]} Qf6 {[%emt 0:00:26]} 25. Qb4 {[%emt 0:01:51]} Rd7 {[%emt 0:03:11]} 26. Be2 {[%emt 0:03:40]} Ng7 {[%emt 0:00:57]} 27. Rf4 {[%emt 0:02:59]} Qe7 {[%emt 0:00:09]} 28. Qc3 {[%emt 0:06:28]} c5 {[%emt 0:01:12]} 29. Bd3 {[%emt 0:02:01]} Rfd8 {[%emt 0:00:21]} 30. Re3 {[%emt 0:00:20]} Rd4 {[%emt 0:02:18]} 31. Ref3 {[%emt 0:00:51]} 1/2-1/2

[Event "4NCL Div 1 2018-19"]
[Site "Daventry"]
[Date "2018.11.10"]
[Round "1"]
[White "Valdes Escobar, Alvaro"]
[Black "Tyomkyn, Mikhail"]
[Result "1-0"]
[WhiteElo "2346"]
[BlackElo "2115"]
[Annotator "TA"]
[PlyCount "83"]
[EventDate "2018.11.10"]
[EventType "team-tourn"]
[EventCountry "GBR"]
[SourceTitle "playchess.com"]
[Source "ChessBase"]
[SourceQuality "1"]

{[%evp 35,83,35,54,55,53,54,70,69,81,75,67,62,89,85,88,56,45,48,144,79,170,170,170,170,171,156,156,153,156,158,162,160,160,162,177,178,182,182,238,241,238,238,382,352,1019,929,29975,29976,29970,11568]} 1. Nf3 Nf6 2. c4 c5 3. Nc3 g6 4. d4 cxd4 5. Nxd4 Bg7 6. e4 Nc6 7. Be3 Ng4 8. Qxg4 Nxd4 9. Qd1 Ne6 10. Qd2 d6 11. Be2 O-O 12. O-O Nc5 13. f3 a5 14. Rfd1 Be6 15. Rab1 $146 {B39: Sizilianisch (Maroczy-Aufbau)} ({Vorgänger (3):} 15. b3 Qb6 16. Rab1 Qb4 17. Nb5 Qxd2 18. Rxd2 Rfc8 19. Rc1 Kf8 20. Kf2 h5 21. g3 Bf6 22. Kg2 Ke8 {½-½ (36) Seel,C (2493)-Czarnota,P (2537) Germany 2010}) 15... Qb6 16. Nb5 Rfc8 17. b3 Bd7 18. Nd4 Qd8 {LiveBook: 3 Partien} 19. Rbc1 Ne6 20. Nb5 Bxb5 21. cxb5 Rxc1 22. Rxc1 Nc5 23. Bc4 b6 24. Rd1 Qf8 25. Qd5 Rc8 26. f4 Rc7 {[#]} (26... a4 $14) 27. h3 (27. e5 $142 $1) 27... e6 (27... Rc8 $16 {war nötig.}) 28. Qxd6 $18 Rd7 29. Qxf8+ Bxf8 30. Rxd7 Nxd7 {[%mdl 4096] Endspiel KLL-KLS} 31. Kf1 Bc5 32. Bd2 Kf8 33. Ke2 Ke7 34. e5 Ba3 35. Bd3 h5 36. Be4 Nc5 (36... Bc5 $142 37. Bc6 Nb8) 37. Bc6 Kd8 38. Be1 Nd7 (38... Bc1 $142 39. Bh4+ Kc7) 39. Bf2 Bc5 $2 {[#]} (39... Nc5 40. Bh4+ Kc7) 40. Bxd7 Kxd7 41. Bxc5 bxc5 42. Kd3 {Precision: Weiß = 80%, Schwarz = 26%.} 1-0

[Event "4NCL Div 1 2018-19"]
[Site "Daventry"]
[Date "2018.11.10"]
[Round "1"]
[White "Littlewood, Paul E"]
[Black "Pozimski, Szymon"]
[Result "1-0"]
[WhiteElo "2343"]
[BlackElo "1999"]
[Annotator "NA"]
[PlyCount "95"]
[EventDate "2018.11.10"]
[EventType "team-tourn"]
[EventCountry "GBR"]
[SourceTitle "playchess.com"]
[Source "ChessBase"]
[SourceQuality "1"]
[TimeControl "40/6000+30:3000+30"]

1. d4 {[%emt 0:00:00]} Nf6 {[%emt 0:00:00]} 2. c4 {[%emt 0:00:00]} e6 {[%emt 0:00:00]} 3. Nc3 {[%emt 0:01:57]} d5 {[%emt 0:00:00]} 4. cxd5 {[%emt 0:01:24]} Nxd5 {[%emt 0:00:02]} 5. Nf3 {[%emt 0:04:42]} c5 {[%emt 0:03:32]} 6. e3 {[%emt 0:01:42]} Be7 {[%emt 0:21:40]} 7. Bd3 {[%emt 0:00:30]} Nc6 {[%emt 0:28:44]} 8. O-O {[%emt 0:06:06]} Nf6 {[%emt 0:03:37]} 9. a3 {[%emt 0:03:11]} O-O {[%emt 0:04:22]} 10. dxc5 {[%emt 0:06:09]} Bxc5 {[%emt 0:00:27]} 11. b4 {[%emt 0:00:12] E56: Nimzo-Indian: Rubinstein: Main Line: 7...Nc6} (11. Qc2 Qe7 12. b4 Bd6 13. Bb2 Ne5 14. Nxe5 Bxe5 15. Rfd1 Bd7 16. f4 Bxc3 17. Bxc3 Rac8 18. Qb2 Ba4 {½-½ (73) Ashwin,J (2484)-Korley,K (2385) Charlotte 2018}) 11... Bd6 {[%emt 0:01:45]} 12. Bb2 {[%emt 0:01:34]} e5 $146 {[%emt 0:07:39]} ({Predecessor:} 12... Qe7 13. Ne4 Nxe4 14. Bxe4 f5 15. Bc2 b6 16. e4 Bb7 17. exf5 exf5 18. Re1 Qd8 19. Qd5+ Kh8 20. Rad1 Bf4 21. Qd7 {1-0 (21) Orzechowski,J (2242)-Olsar,J (2309) Karvina 2003}) 13. Ne4 {[%emt 0:05:59]} Nxe4 {[%emt 0:13:49]} 14. Bxe4 {[%emt 0:00:09]} Qe7 {[%emt 0:07:07]} 15. Qc2 {[%emt 0:10:29]} Bg4 {[%emt 0:03:47]} 16. b5 {[%emt 0:21:48]} Nd8 {[%emt 0:00:45]} 17. Bxh7+ {[%emt 0:02:56]} Kh8 {[%emt 0:00:03]} 18. Bf5 {[%emt 0:03:21]} Bxf3 {[%emt 0:04:28]} 19. gxf3 {[%emt 0:00:08]} g6 {[%emt 0:02:38]} 20. Bh3 {[%emt 0:01:32]} Qh4 {[%emt 0:03:14]} 21. Bg2 {[%emt 0:01:02]} Ne6 {[%emt 0:01:47]} 22. f4 {[%emt 0:07:06]} Rac8 {[%emt 0:00:46]} 23. Qe4 {[%emt 0:02:20]} Kh7 {[%emt 0:00:25]} 24. fxe5 {[%emt 0:02:44]} Qxe4 {[%emt 0:00:07]} 25. Bxe4 {[%emt 0:00:05]} Bb8 {[%emt 0:00:13]} 26. Rac1 {[%emt 0:09:06]} Nc5 {[%emt 0:00:18]} 27. Bb1 {[%emt 0:00:12]} Rfe8 {[%emt 0:01:09]} 28. f4 {[%emt 0:00:30]} b6 {[%emt 0:05:05]} 29. Rc4 {[%emt 0:05:04]} f6 {[%emt 0:00:00]} 30. exf6 {[%emt 0:04:55]} Rxe3 {[%emt 0:00:00]} 31. f7 {[%emt 0:00:11]} Rb3 {[%emt 0:00:00]} 32. Bf6 {[%emt 0:03:38]} Rf8 {[%emt 0:00:00]} 33. f5 {[%emt 0:00:45]} Rxb1 {[%emt 0:00:00]} 34. Rxb1 {[%emt 0:00:37]} g5 {[%emt 0:00:00]} 35. Be7 {[%emt 0:00:55]} Rxf7 {[%emt 0:00:00]} 36. Bxc5 {[%emt 0:00:10]} bxc5 {[%emt 0:00:00]} 37. Rxc5 {[%emt 0:00:06]} Bc7 {[%emt 0:00:00]} 38. Kg2 {[%emt 0:00:23]} Bd6 {[%emt 0:00:00]} 39. Rd5 {[%emt 0:01:27]} Bxa3 {[%emt 0:00:00]} 40. Ra1 {[%emt 0:02:20]} Bb2 {[%emt 0:00:00]} 41. Ra6 {[%emt 0:50:21]} Bc1 {[%emt 0:50:13]} 42. Rad6 {[%emt 0:00:50]} Kg7 {[%emt 0:01:00]} 43. Rd7 {[%emt 0:01:06]} Be3 {[%emt 0:01:06]} 44. Kf3 $18 {[%emt 0:00:30]} (44. Rxf7+ $142 Kxf7 45. Kf3) 44... Bg1 {[%emt 0:01:00]} 45. h3 {[%emt 0:00:15]} Kf6 {[%emt 0:00:00]} 46. Rxf7+ {[%emt 0:00:00]} Kxf7 {[%emt 0:00:00]} 47. Kg4 {[%emt 0:00:00]} Be3 {[%emt 0:00:00]} 48. Rd6 {[%emt 0:01:43]} 1-0

[Event "4NCL Div 1 2018-19"]
[Site "Daventry"]
[Date "2018.11.10"]
[Round "1"]
[White "Ansell, Simon T"]
[Black "Maciol, Ryszard"]
[Result "1/2-1/2"]
[WhiteElo "2336"]
[BlackElo "2120"]
[Annotator "RC"]
[PlyCount "79"]
[EventDate "2018.11.10"]
[EventType "team-tourn"]
[EventCountry "GBR"]
[SourceTitle "playchess.com"]
[Source "ChessBase"]
[SourceQuality "1"]
[TimeControl "40/6000+30:3000+30"]

1. d4 {[%emt 0:00:00]} e6 {[%emt 0:00:00]} 2. Nf3 {[%emt 0:02:18]} Nf6 {[%emt 0:00:00]} 3. Bf4 {[%emt 0:00:53]} b6 {[%emt 0:01:00]} 4. e3 {[%emt 0:01:18]} Bb7 {[%emt 0:01:06]} 5. h3 {[%emt 0:00:33]} Be7 {[%emt 0:01:58]} 6. Bd3 {[%emt 0:01:10]} c5 {[%emt 0:00:37]} 7. c3 {[%emt 0:00:37]} d6 {[%emt 0:07:01]} 8. O-O {[%emt 0:02:17]} O-O {[%emt 0:02:16]} 9. Bh2 {[%emt 0:03:30]} Qd7 {[%emt 0:05:01]} 10. Nbd2 {[%emt 0:10:52]} Nc6 {[%emt 0:02:24]} 11. Qe2 {[%emt 0:02:30]} Rfd8 {[%emt 0:04:17]} 12. Rfd1 {[%emt 0:11:14]} Bf8 {[%emt 0:03:47]} 13. e4 {[%emt 0:05:01]} Qe7 {[%emt 0:08:14]} 14. e5 {[%emt 0:06:14]} dxe5 {[%emt 0:03:23]} 15. dxe5 {[%emt 0:00:24]} Ne8 {[%emt 0:02:15]} 16. Nc4 {[%emt 0:09:34]} g6 {[%emt 0:09:36]} 17. a4 {[%emt 0:00:25]} Qc7 {[%emt 0:03:23]} 18. Bf4 {[%emt 0:10:33]} Bg7 {[%emt 0:10:21]} 19. Bc2 {[%emt 0:11:37]} Rxd1+ {[%emt 0:03:25]} 20. Rxd1 {[%emt 0:00:07]} Rd8 {[%emt 0:00:14]} 21. Rxd8 {[%emt 0:00:57]} Nxd8 {[%emt 0:02:49]} 22. h4 {[%emt 0:04:34]} Qd7 {[%emt 0:14:00]} 23. h5 {[%emt 0:01:37]} Bc6 {[%emt 0:01:45]} 24. hxg6 {[%emt 0:00:57]} hxg6 {[%emt 0:00:49]} 25. b3 {[%emt 0:04:31]} Nc7 {[%emt 0:01:56]} 26. Ng5 {[%emt 0:01:12]} Nd5 {[%emt 0:02:49]} 27. Bd2 {[%emt 0:00:18]} Nb7 {[%emt 0:02:04]} 28. Qd3 {[%emt 0:01:46]} b5 {[%emt 0:02:13]} 29. axb5 {[%emt 0:00:29]} Bxb5 {[%emt 0:00:03]} 30. Nf3 {[%emt 0:08:35]} Na5 {[%emt 0:04:36]} 31. Qe4 {[%emt 0:00:05]} Bxc4 {[%emt 0:04:19]} 32. bxc4 {[%emt 0:00:04]} Nb6 {[%emt 0:00:08]} 33. Be3 {[%emt 0:00:26]} Naxc4 {[%emt 0:01:29]} 34. Bxc5 {[%emt 0:00:33]} Nd2 {[%emt 0:02:31]} 35. Nxd2 {[%emt 0:01:58]} Qxd2 {[%emt 0:00:03]} 36. Bd4 {[%emt 0:00:38]} Qc1+ {[%emt 0:02:00]} 37. Kh2 {[%emt 0:00:04]} Qh6+ {[%emt 0:00:33]} 38. Kg1 {[%emt 0:00:22]} Qc1+ {[%emt 0:00:06]} 39. Kh2 {[%emt 0:00:03]} Qh6+ {[%emt 0:00:05]} 40. Kg1 {[%emt 0:01:10]} 1/2-1/2

[Event "4NCL Div 1 2018-19"]
[Site "Daventry"]
[Date "2018.11.10"]
[Round "1"]
[White "Daskalov, Dimitar"]
[Black "Galyas, Miklos"]
[Result "0-1"]
[WhiteElo "2330"]
[BlackElo "2495"]
[Annotator "TA"]
[PlyCount "118"]
[EventDate "2018.11.10"]
[EventType "team-tourn"]
[EventCountry "GBR"]
[SourceTitle "playchess.com"]
[Source "ChessBase"]
[SourceQuality "1"]

{[%evp 9,118,32,37,34,47,19,28,43,63,0,0,0,62,64,90,77,82,81,181,138,89,98,189,175,170,104,123,52,72,51,48,72,61,58,59,52,47,65,56,47,58,59,60,53,50,0,0,-129,-29,-117,-126,-114,-117,-208,-91,-91,-91,-91,-91,-91,-91,-91,-91,-91,-38,-208,-175,-506,-79,-91,-91,-91,-65,-65,-73,-91,-91,-91,-91,-29973,-29974,-29975,-29976,-29976,-29977,-29978,-29979,-29979,-29980,-29980,-29981,-29981,-29982,-29982,-29983,-29983,-29984,-29984,-29985,-29986,-29987,-29987,-29988,-29988,-29989,-29989,-29990,-29993,-29990,-29991,-29992]} 1. e4 d6 2. d4 Nf6 3. Nc3 g6 4. h3 c6 (4... Bg7 5. g4 O-O 6. Bg2 e5 7. Nge2 c6 8. a4 a5 9. O-O Na6 10. f4 exd4 11. Nxd4 Nc5 12. Nb3 Nxb3 13. cxb3 {1-0 (27) Chigaev,M (2599)-Matlakov,M (2683) Sochi 2018}) 5. g4 Bg7 {LiveBook: 4 Games} 6. Bg2 {B07: Pirc Defence: Miscellaneous Systems} Nbd7 7. g5 $146 ({Predecessor:} 7. a4 c5 8. Be3 cxd4 9. Bxd4 e5 10. Be3 Nb6 11. b3 Be6 12. Nb5 Nc8 13. c4 {1-0 (34) Carraro,D (2119)-Altamiranda,M (1509) San Luis 2013}) 7... Nh5 8. Bf3 {White has an edge.} e5 9. d5 (9. Nge2 $14) 9... cxd5 $11 10. Nxd5 Nc5 (10... Nb6 $11) 11. Ne2 $14 Be6 12. Bxh5 gxh5 13. Ng3 Rg8 (13... O-O $16 {keeps fighting.}) 14. Qxh5 Nxe4 15. Qxh7 Bxd5 (15... Qa5+ $16 16. Nc3 f5) 16. Qxg8+ $18 Bf8 {White must now prevent ...Nxg3.} 17. Nxe4 (17. Rg1 $18) 17... Bxe4 $16 18. g6 (18. O-O $16) 18... Bxg6 $14 19. Bh6 Qh4 {...Qe4+ is the strong threat.} 20. Qxf8+ Kd7 21. Qxa8 Qe4+ 22. Be3 Qxh1+ 23. Kd2 Qxa1 24. Qxb7+ Ke6 25. Qb3+ d5 $1 26. Bxa7 Bh5 $1 {( -> ...Qd1+)} 27. c4 d4 $1 28. f3 (28. Bxd4 $11 exd4 29. h4) 28... Qf1 (28... Qg1 $1 $17 {[%cal Rg1f2]} 29. Qb6+ Kf5) 29. c5+ (29. Bxd4 $11 Qg2+ 30. Ke1 exd4 31. Qb6+ Kf5 32. Qxd4) 29... Kf6 $17 30. Qd3 Qxh3 31. c6 (31. Bb6 $17) 31... Qg2+ ({But not} 31... Bxf3 32. Bxd4 Qg2+ 33. Ke3 $17 (33. Kc3 Be4 $17)) ({Stronger than} 31... Qxf3 32. Qxf3+ Bxf3 33. c7 $11) (31... Qh2+ $19 32. Kc1 Qf4+ 33. Qd2 Qxf3) 32. Qe2 Bxf3 33. Qxg2 Bxg2 {[%mdl 4096] Endgame KB-KB} 34. c7 Bb7 $1 35. b4 Ke6 36. a4 Kd7 (36... Kd5 $17) 37. Bb6 $2 (37. Bb8 $1 $15) 37... Kc6 $1 $19 {[%cal Rc6b6]} 38. a5 $2 (38. Ba7 {is more resistant.}) 38... Kb5 $2 (38... f5 $19 {is more deadly.} 39. Ba7 Bc8) 39. Bc5 Kc4 $1 40. Ke1 f5 41. Bd6 e4 $1 42. Be5 d3 $1 {Threatens to win with ...e3.} 43. Bf4 Kxb4 44. Bd2+ $2 {[%mdl 8192]} (44. Kd2 $17) 44... Kc4 $1 {Black mates.} 45. Kf2 Kd4 46. Be3+ {[#]} Kc3 $1 47. Ke1 {[#]} d2+ $1 {[%mdl 512]} 48. Bxd2+ Kd3 49. Bg5 e3 50. Kf1 {[#]} Ke4 $1 51. Kg2 f4 {[%cal Bf5f4,Bf4f3][%mdl 32]} 52. Bh4 f3+ 53. Kf1 Ba6+ 54. Kg1 Kd3 55. c8=Q Bxc8 56. Kf1 Kd2 57. Be1+ Kd1 58. Bf2 Ba6+ 59. Kg1 Ke2 {Precision: White = 40%, Black = 55%.} 0-1

[Event "4NCL Div 1 2018-19"]
[Site "Daventry"]
[Date "2018.11.10"]
[Round "1"]
[White "Povah, Nigel E"]
[Black "Connell, Blair N"]
[Result "1-0"]
[WhiteElo "2326"]
[BlackElo "2246"]
[Annotator "NA"]
[PlyCount "75"]
[EventDate "2018.11.10"]
[EventType "team-tourn"]
[EventCountry "GBR"]
[SourceTitle "playchess.com"]
[Source "ChessBase"]
[SourceQuality "1"]
[TimeControl "40/6000+30:3000+30"]

1. d4 {[%emt 0:00:00]} d5 {[%emt 0:00:12]} 2. Bf4 {[%emt 0:00:00]} Nf6 {[%emt 0:00:26]} 3. e3 {[%emt 0:00:00]} c5 {[%emt 0:00:22]} 4. c3 {[%emt 0:00:23]} Nc6 {[%emt 0:00:11]} 5. Nd2 {[%emt 0:00:09]} e6 {[%emt 0:00:16]} 6. Ngf3 {[%emt 0:00:46]} cxd4 {[%emt 0:01:19]} 7. exd4 {[%emt 0:00:14]} Nh5 {[%emt 0:00:31]} 8. Be3 {[%emt 0:10:18]} Bd6 {[%emt 0:01:46]} 9. Ne5 {[%emt 0:11:41]} g6 {[%emt 0:02:49]} 10. f4 {[%emt 0:08:41]} f6 {[%emt 0:05:52]} 11. Nd3 {[%emt 0:05:08]} Ng7 {[%emt 0:17:16]} 12. Qf3 {[%emt 0:05:19]} O-O {[%emt 0:01:28]} 13. O-O-O {[%emt 0:13:11]} e5 {[%emt 0:45:29]} 14. dxe5 {[%emt 0:01:35]} fxe5 {[%emt 0:00:30]} 15. Qxd5+ {[%emt 0:00:54]} Be6 {[%emt 0:00:11]} 16. Qe4 {[%emt 0:01:16]} Bf5 {[%emt 0:05:24]} 17. Qc4+ {[%emt 0:01:23]} Be6 {[%emt 0:04:19]} 18. Qa4 {[%emt 0:05:02]} Qc7 {[%emt 0:11:31]} 19. fxe5 {[%emt 0:06:48]} Bxe5 {[%emt 0:00:48]} 20. Nc4 {[%emt 0:10:06]} Bf6 {[%emt 0:01:48]} 21. Bf4 {[%emt 0:01:01]} Qc8 {[%emt 0:01:24]} 22. Nd6 {[%emt 0:02:10]} Qd8 {[%emt 0:03:11]} 23. Nxb7 {[%emt 0:07:53]} Qb6 {[%emt 0:01:39]} 24. Ndc5 {[%emt 0:02:13]} Bg4 {[%emt 0:00:34]} 25. Rd2 {[%emt 0:02:24]} Rfe8 {[%emt 0:02:17]} 26. Bb5 {[%emt 0:00:35]} Rac8 {[%emt 0:00:20]} 27. Qc4+ {[%emt 0:00:50]} Kh8 {[%emt 0:00:16]} 28. Nd6 {[%emt 0:00:15]} Ne5 {[%emt 0:00:50]} 29. Bxe5 {[%emt 0:01:23]} Be6 {[%emt 0:00:01]} 30. Nxc8 {[%emt 0:00:51]} Rxc8 {[%emt 0:00:16]} 31. Na4 {[%emt 0:01:43]} Qe3 {[%emt 0:01:19]} 32. Qxc8+ {[%emt 0:05:22]} Bxc8 {[%emt 0:00:02]} 33. Bxf6 {[%emt 0:00:09]} h6 {[%emt 0:00:16]} 34. Bd4 {[%emt 0:00:38]} Qg5 {[%emt 0:00:01]} 35. Nc5 {[%emt 0:01:39]} Kh7 {[%emt 0:00:03]} 36. Bd3 {[%emt 0:00:40]} Qd5 {[%emt 0:00:32]} 37. Re1 {[%emt 0:01:12]} Bf5 {[%emt 0:01:06]} 38. Re7 {[%emt 0:00:45]} 1-0

[Event "4NCL Div 1 2018-19"]
[Site "Daventry"]
[Date "2018.11.10"]
[Round "1"]
[White "Derakhshani, Borna"]
[Black "Gordon, Stephen J"]
[Result "0-1"]
[WhiteElo "2324"]
[BlackElo "2544"]
[Annotator "TA"]
[PlyCount "76"]
[EventDate "2018.11.10"]
[EventType "team-tourn"]
[EventCountry "GBR"]
[SourceTitle "playchess.com"]
[Source "ChessBase"]
[SourceQuality "1"]

{[%evp 10,76,-7,-52,-31,-85,-85,-92,-86,-84,-82,-89,-81,-95,-81,-95,-80,-88,-85,-76,-79,-142,-106,-120,-118,-118,-133,-143,-126,-148,-142,-193,-195,-229,-240,-224,-172,-330,-229,-215,-195,-216,-114,-117,-79,-65,-76,-320,-321,-293,-297,-472,-480,-453,-468,-471,-449,-570,-574,-500,-440,-1631,-1608,-1389,5206,-1138,-1113,-29989,-516]} 1. d4 Nf6 2. Bf4 d5 3. e3 c5 4. c3 Nc6 5. Bd3 (5. Nd2 Bf5 6. Ngf3 e6 7. Nh4 Be4 8. Nhf3 Bf5 9. Nh4 Be4 10. Qb3 Qc8 11. Nhf3 Bf5 12. Be2 Be7 13. O-O O-O 14. h3 h6 15. Rfe1 c4 16. Qd1 b5 {1-0 (66) Grachev,B (2626)-Najer,E (2663) Moscow 2018}) 5... Qb6 6. Qc1 {LiveBook: 6 Games. D00: 1 d4 d5: Unusual lines} Nh5 7. Bg5 ({White should try} 7. Ne2 $15) 7... h6 $17 8. Bh4 {Black is better.} g5 9. Bg3 Nxg3 10. hxg3 e5 {[%cal Rc5d4]} 11. Ne2 $146 ({Predecessor:} 11. dxe5 Nxe5 12. Bc2 Bd7 {½-½ (58) Liu,H (2029)-Guo,W (1788) Beijing 2017}) 11... Bg4 {[%cal Rc5d4]} 12. dxc5 Bxc5 13. b4 Be7 14. a4 Rc8 15. Qb2 (15. Qd2 $142) 15... e4 16. Bb5 {next c4 is good for White.} O-O 17. Bxc6 bxc6 {[%cal Bb7c6,Bc6c5][%mdl 32]} ({Much less strong is} 17... Rxc6 18. Nd4 $15) 18. O-O c5 $36 {[%mdl 2048] White is under strong pressure.} 19. b5 Bf6 20. Ra2 (20. Re1 $17 {was worth a try.}) 20... Kg7 21. a5 Qe6 22. Qd2 h5 23. Na3 $2 (23. c4 dxc4 24. Qc2) 23... Bxe2 24. Qxe2 Bxc3 25. Qxh5 Qf5 (25... Bf6 $19 {Hoping for ...d4.} 26. Qe2 Rh8) 26. f4 exf3 ({Much worse is} 26... Bxa5 $6 27. fxg5 Qg6 28. g4 $11) 27. Rxf3 Qg6 28. Qg4 $2 (28. g4 $17) 28... f5 $19 29. Qa4 Qe6 30. b6 (30. Raf2 $142) 30... g4 31. Rff2 axb6 32. axb6 Be5 33. Qa7+ Rf7 34. b7 Rh8 {( -> ...Qh6)} 35. Qxc5 (35. Nc2 $142 Bxg3 36. Ra1) 35... Rc7 36. b8=Q Rg8 $4 {[%mdl 8192]} (36... Rxc5 $19 37. Qb7+ Rc7) 37. Qc8 $4 {[%mdl 8192]} (37. Qcxc7+ $18 Bxc7 38. Qxc7+ Kg6 39. Nc2) 37... Rgxc8 38. Qa5 Rb8 {Precision: White = 38%, Black = 64%.} (38... Rc1+ $142 39. Rf1 {[#]} Bd4 $1 {[%mdl 512]} 40. Qe1 Bxe3+ 41. Raf2 Bxf2+ 42. Kxf2 Qb6+ 43. Qe3 R8c2+ $1 {[%mdl 512]} 44. Nxc2 Rxc2+ 45. Kg1 Qxe3+ 46. Kh1 Qxg3 47. Rf2 Rc1+ 48. Rf1 Rxf1#) 0-1

[Event "4NCL Div 1 2018-19"]
[Site "Daventry"]
[Date "2018.11.10"]
[Round "1"]
[White "Franklin, Samuel G A"]
[Black "Mihalik, Agoston"]
[Result "1-0"]
[WhiteElo "2316"]
[BlackElo "2223"]
[Annotator "NA"]
[PlyCount "57"]
[EventDate "2018.11.10"]
[EventType "team-tourn"]
[EventCountry "GBR"]
[SourceTitle "playchess.com"]
[Source "ChessBase"]
[SourceQuality "1"]
[TimeControl "40/6000+30:3000+30"]

1. e4 {[%emt 0:00:29]} c5 {[%emt 0:00:00]} 2. Nf3 {[%emt 0:00:44]} d6 {[%emt 0:00:00]} 3. d4 {[%emt 0:00:10]} cxd4 {[%emt 0:00:00]} 4. Nxd4 {[%emt 0:00:12]} Nf6 {[%emt 0:00:00]} 5. Nc3 {[%emt 0:00:06]} a6 {[%emt 0:00:00]} 6. f3 {[%emt 0:01:04]} e6 {[%emt 0:00:15]} 7. Be3 {[%emt 0:01:14]} b5 {[%emt 0:00:09]} 8. Qd2 {[%emt 0:00:58]} Bb7 {[%emt 0:09:53]} 9. O-O-O {[%emt 0:02:29]} b4 {[%emt 0:02:51]} 10. Nce2 {[%emt 0:06:08]} d5 {[%emt 0:01:05] [#]} 11. e5 $1 {[%emt 0:15:49]} Nfd7 {[%emt 0:02:22]} 12. f4 {[%emt 0:00:15]} Be7 {[%emt 0:09:42]} 13. Kb1 {[%emt 0:05:15]} O-O {[%emt 0:12:14]} 14. g4 {[%emt 0:03:50]} a5 {[%emt 0:00:32]} 15. g5 {[%emt 0:10:33]} Na6 {[%emt 0:15:05]} 16. h4 $11 {[%emt 0:04:57]} a4 {[%emt 0:06:08]} 17. h5 {[%emt 0:14:00]} b3 {[%emt 0:02:24]} 18. cxb3 {[%emt 0:05:51]} Ndc5 {[%emt 0:09:53]} 19. Bg2 {[%emt 0:06:13]} Qb6 {[%emt 0:13:15]} 20. f5 {[%emt 0:04:58]} axb3 {[%emt 0:02:55]} 21. a3 {[%emt 0:00:34]} Rfe8 {[%emt 0:09:29]} 22. fxe6 {[%emt 0:04:03]} fxe6 {[%emt 0:00:06]} 23. g6 {[%emt 0:00:34]} Nc7 {[%emt 0:01:19]} 24. h6 {[%emt 0:01:50]} Nb5 {[%emt 0:06:12]} 25. Nxb5 {[%emt 0:02:25]} Qxb5 {[%emt 0:00:10]} 26. Nd4 {[%emt 0:00:35]} Qa6 {[%emt 0:02:06]} 27. gxh7+ {[%emt 0:01:45]} Kh8 {[%emt 0:00:54]} 28. hxg7+ {[%emt 0:03:13]} Kxg7 {[%emt 0:00:04]} 29. Bf1 {[%emt 0:00:56]} 1-0

[Event "4NCL Div 1 2018-19"]
[Site "Daventry"]
[Date "2018.11.10"]
[Round "1"]
[White "McKay, Roderick M"]
[Black "Plat, Vojtech"]
[Result "0-1"]
[WhiteElo "2309"]
[BlackElo "2543"]
[Annotator "ChessBase"]
[PlyCount "44"]
[EventDate "2018.11.10"]
[EventType "team-tourn"]
[EventCountry "GBR"]
[SourceTitle "playchess.com"]
[Source "ChessBase"]
[SourceQuality "1"]
[TimeControl "40/6000+30:3000+30"]

1. d4 {[%emt 0:00:00]} d6 {[%emt 0:00:01]} 2. e4 {[%emt 0:00:52]} Nf6 {[%emt 0:00:07]} 3. Nc3 {[%emt 0:00:34]} e5 {[%emt 0:00:04]} 4. Nf3 {[%emt 0:01:20]} Nbd7 {[%emt 0:00:07]} 5. Rg1 {[%emt 0:04:43]} c6 {[%emt 0:00:56]} 6. g4 {[%emt 0:00:47]} g6 {[%emt 0:06:11]} 7. Be3 {[%emt 0:18:20]} Bg7 {[%emt 0:00:20]} 8. g5 {[%emt 0:04:21]} Nh5 {[%emt 0:01:17]} 9. Qd2 {[%emt 0:00:34]} O-O {[%emt 0:01:03]} 10. O-O-O {[%emt 0:03:15]} b5 {[%emt 0:00:35]} 11. dxe5 {[%emt 0:02:30]} b4 {[%emt 0:04:24]} 12. Nb1 {[%emt 0:03:23]} Qa5 {[%emt 0:03:23]} 13. a3 {[%emt 0:12:10]} Nxe5 {[%emt 0:00:35]} 14. axb4 {[%emt 0:05:53]} Qa1 {[%emt 0:00:20]} 15. Nxe5 {[%emt 0:05:57]} Bxe5 {[%emt 0:02:29]} 16. c3 {[%emt 0:00:39]} a5 {[%emt 0:02:31]} 17. f4 {[%emt 0:03:30]} Bg7 {[%emt 0:00:42]} 18. b5 {[%emt 0:17:25]} a4 {[%emt 0:01:23]} 19. Bd4 {[%emt 0:04:06]} Be6 {[%emt 0:00:40]} 20. Bxg7 {[%emt 0:04:52]} Nxg7 {[%emt 0:00:12]} 21. b6 {[%emt 0:06:05]} Rfb8 {[%emt 0:00:21]} 22. Qxd6 {[%emt 0:03:18]} a3 {[%emt 0:06:20]} 0-1